00902cam a2200205Mu 450000500170000000800410001702000180005804000500007604100080012624501170013426000680025130000450031950400530036465000520041765000870046965000550055670000310061170000270064270000270066920140905105824.0140606s2013 enkd fr 001 0 eng d a9780199686353 aCO-BoUCMbspacJose A. GerenadJose A. Gerena0 aeng00aInnovation studiesbevolution and future challengesceditado por Jan Fagerberg, Ben R. Martin, Esben S. Andersen aOxford (Oxfordshire, Inglaterra)bOxford University pressc2013 axiii, 215 páginasbcuadros, gráficas aIncluye referencias bibliográficas e índices 7aDesarrollo tecnológicoxAspectos económicos 7aTecnologías de la información y la comunicación. TICsxAspectos económicos 7aInnovaciones tecnológicasxAspectos económicos1 aAndersen, Esben S.eeditor1 aFagerberg, Janeeditor1 aMartin, Ben R.eeditor